000 00273nam a2200109Ia 4500
008 220204s9999 xx 000 0 und d
082 _a82-312.4
_bBER;1
100 _aBERLITZ, Charles
245 0 _aWithout a trace
260 _aNew York
_bBallantine Books
_c1977
942 _cBK
999 _c30962
_d30962